000 00360nam a22001337a 4500
005 20200617131501.0
008 200617b xxu||||| |||| 00| 0 eng d
082 _a345.4 AIR
245 _aCONSTITUENT ASSEMBLY BEBATES [ OFFICIAL REPORT ] [X-V ]
260 _aMUMBAI
_bALL INDIA REPORTER , PVT. LTD.
300 _a457;p
650 _aLAW
_95701
942 _cJRL
999 _c7184
_d7182